La liberación de los pacientes psiquiátricos : de la rehabilitación psicosocial a la ciudadanía posible /

Tallennettuna:
Bibliografiset tiedot
Päätekijä: Saraceno, Benedetto (autor)
Aineistotyyppi: Kirja
Kieli:espanja
Julkaistu: México : Pax, 2003, c2003
Aiheet:
Tagit: Lisää tagi
Ei tageja, Lisää ensimmäinen tagi!

MARC

LEADER 00000nam^a2200000^a^4500
001 000156297
005 20250521000000.0
009 20260310100500.855
020 |a 968-860-667-7 
037 |a Acervo ITESO - Biblioteca 
041 |a ESP 
082 |a 616. 891  |b SAR 
100 |a Saraceno, Benedetto  |e (autor) 
245 1 3 |a La liberación de los pacientes psiquiátricos :  |b de la rehabilitación psicosocial a la ciudadanía posible /  |c B. Saraceno ; tr. por Maia F. Miret. 
264 4 |a México :  |b Pax,  |c 2003, c2003 
300 |a IX, 141 p. 
336 |a texto  |b txt  |2 rdacontenido 
337 |a sin mediación  |b n  |2 rdamedio 
338 |a volumen  |b nc  |2 rdasoporte 
500 |a Traducción de: Manuale di riabilitazione psichiatrica 
649 |a XX 
650 |a Enfermos -  |x Condiciones Sociales y Culturales 
650 |a Rehabilitación -  |x Aspectos Sociales y Culturales 
650 |a Trastornos de la Personalidad 
650 |a Trastornos de Conducta 
650 |a Salud Mental 
650 |a Psicopatología 
650 |a Psicoterapia Psicoanalítica 
650 |a Psicología Clínica 
650 |a Psiquiatría -  |x Prácticas Profesionales 
650 |a Control Social 
650 |a Servicios Médicos y de Salud 
910 |a Fondo General 
920 |a Impresos - Libros 
930 |a Colección General 
905 |a 101 
901 |a 0500084685  |b IT1  |c ACC  |u 20250521 
902 |a https://opac.biblio.iteso.mx/vufind/Record/000156297